Southville International School and Colleges
Your cart is empty.
  • Cart
  • Lists
    Public lists Eva Luna New books Lux_list list_1
    Your lists Log in to create your own lists
  • Log in to your account
  • Your cookies
  • Search history
Southville International School and Colleges
  • Advanced search
  • Recent comments
  • Most popular
  • Libraries

Log in to your account

Log in with GOOGLE


If you do not have an external account, but do have a local account, you can still log in:

  1. Home
  2. MARC view: Emerging good practices :
Normal view MARC view ISBD view

Emerging good practices : (Record no. 339024)

[ view plain ]
MARC details
000 -LEADER
fixed length control field 00829nam a22002057a 4500
003 - CONTROL NUMBER IDENTIFIER
control field SISC
005 - DATE AND TIME OF LATEST TRANSACTION
control field 20170711101910.0
008 - FIXED-LENGTH DATA ELEMENTS--GENERAL INFORMATION
fixed length control field 170711b xxu||||| |||| 00| 0 eng d
020 ## - INTERNATIONAL STANDARD BOOK NUMBER
International Standard Book Number 9717420874
050 ## - LIBRARY OF CONGRESS CALL NUMBER
Classification number HV 800.P3
Item number P974 2003
245 ## - TITLE STATEMENT
Title Emerging good practices :
Remainder of title a documentation of the experiences and learning of Save the Children UK's programme for abused and exploited children /
Statement of responsibility, etc Program on Psychosocial Trauma and Human Rights.
260 ## - PUBLICATION, DISTRIBUTION, ETC. (IMPRINT)
Place of publication, distribution, etc Quezon City :
Name of publisher, distributor, etc SC (UK) - Philippines and UP CIDS PST,
Date of publication, distribution, etc 2003.
300 ## - PHYSICAL DESCRIPTION
Extent 170 pages ;
Dimensions 23 cm.
650 ## - SUBJECT ADDED ENTRY--TOPICAL TERM
Topical term or geographic name as entry element Children -- institutional care -- Philippines.
650 ## - SUBJECT ADDED ENTRY--TOPICAL TERM
Topical term or geographic name as entry element Child sexual abuse -- Philippines.
650 ## - SUBJECT ADDED ENTRY--TOPICAL TERM
Topical term or geographic name as entry element Children's rights.
650 ## - SUBJECT ADDED ENTRY--TOPICAL TERM
Topical term or geographic name as entry element Child welfare -- Philippines.
650 ## - SUBJECT ADDED ENTRY--TOPICAL TERM
Topical term or geographic name as entry element Children -- Law and legislation -- Philippines.
942 ## - ADDED ENTRY ELEMENTS (KOHA)
Source of classification or shelving scheme Library of Congress Classification
Koha item type Books
Holdings
Withdrawn status Lost status Source of classification or shelving scheme Damaged status Home library Current library Shelving location Date acquired Source of acquisition Sub Shelving location Total Checkouts Full call number Barcode Date last seen Price effective from Koha item type
    Library of Congress Classification   College Library College Library Filipiniana Section 07/11/2017 Donation     HV 800.P3 P974 2003 C21015 05/08/2018 07/11/2017 Books
    Library of Congress Classification   College Library College Library Filipiniana Section 07/11/2017 Donation     HV 800.P3 P974 2003 C21014 05/08/2018 07/11/2017 Books

Emerging good practices :

APA

(2003). Emerging good practices. Quezon City: SC (UK) - Philippines and UP CIDS PST.

Chicago

2003. Emerging good practices. Quezon City: SC (UK) - Philippines and UP CIDS PST.

Harvard

(2003). Emerging good practices. Quezon City: SC (UK) - Philippines and UP CIDS PST.

MLA

Emerging good practices. Quezon City: SC (UK) - Philippines and UP CIDS PST. 2003.

  • Place hold
  • Print
  • Cite
  • Add to your cart (remove)
  • Save record
    BIBTEX Dublin Core MARCXML MARC (non-Unicode/MARC-8) MARC (Unicode/UTF-8) MARC (Unicode/UTF-8, Standard) MODS (XML) RIS
  • More searches
    Search for this title in:
    Other Libraries (WorldCat) Other Databases (Google Scholar) Online Stores (Bookfinder.com) Open Library (openlibrary.org)

Exporting to Dublin Core...

SOUTHVILLE LIBRARY

Southville International School and Colleges Library

1281 Tropical Ave. Cor. Luxembourg St., BF Homes International, Las Pinas City

Tel. No. 8256374 / 252358 Loc. 117/146

Powered by Koha